000 00655cam a2200241 4500
001 6331
003 BD-RjUL
005 20211208234226.0
008 140109s1972 maua 001 0 eng
020 _a0669739995
035 _a(BD-RjUL)6371
040 _aDLC
_cDLC
_dDLC
_dBD-RjUL
_beng
041 _aeng
082 0 0 _a512.9042
_bHAB 1972
100 1 _aHart, William Le Roy,
_d1892-
_919938
245 1 0 _aBasic college algebra /
_cWilliam L. Hart.
260 _aLexington, Mass. :
_bD. C. Heath ,
_cc1972
300 _axvi, 359 p. :
_billus. ;
_c24 cm.
650 0 _aAlgebra.
_919939
942 _2ddc
_cBK
999 _c6331
_d6331